000 00961nam a2200265 i 4500
001 15424
003 ES-MaACL
005 20250629222549.0
007 t|
008 000308s1999 sp ||||1| spa d
020 _a84-309-3364-6
080 _a393.396(460)"19"
080 _a316.353(460)"19"
100 1 _aBaena del Alcázar, Mariano.
_924589
245 1 0 _aElites y conjuntos de poder en España (1939-1992)
_b: un estudio cuantitativo sobre el Parlamento, Gobierno y Administración y gran empresa /
_cMariano Baena del Alcázar.
260 _aMadrid :
_bTecnos,
_c[1999]
300 _a756 p. ;
_c21 cm.
490 1 _aSemilla y surco: colección de ciencias sociales. Serie de ciencia política
650 4 _aÉlites-
_zEspaña-
_yS.XX.
_912174
650 4 _aPoder-
_zEspaña-
_yS.XX.
_9172448
830 1 0 _aSemilla y surco.
_pSerie de ciencia política
_9236736
852 _aES-MaACL
_jL-22507
942 _2udc
999 _c15424
_d15424